| 000 | 01138cab a22002415a 4500 | ||
|---|---|---|---|
| 001 | L141851 | ||
| 008 | 080103e2007 xxk f 000 0 eng d | ||
| 035 | _a(Sirsi) u141851 | ||
| 041 | 0 | _aeng | |
| 100 | 1 | _aSmith, Christine | |
| 245 | 0 | 0 | _aEnergy break |
| 260 | _c2007 | ||
| 490 |
_aHousebuilder _v66(11) December 2007, 45-49(3) |
||
| 520 | _aThe government has postponed introduction of Energy Performance Certificates for new-build housing until April 2008. Recommends that the industry uses the time to prepare for their introduction. Provides an overview of SAP assessment methodology, which will form the basis for EPCs. Argues that EPCs provide an opportunity to demonstrate and promote the fact that new homes are more energy efficient than the existing housing stock. | ||
| 590 | _aKA | ||
| 650 | 2 | 4 | _aRESIDENTIAL ENERGY PERFORMANCE CERTIFICATES |
| 650 | 2 | 4 | _aHOME INFORMATION PACKS |
| 650 | 2 | 4 | _aHOUSING ACT 2004 PART V |
| 650 | 2 | 4 | _aBUILDING REGULATIONS 2006 |
| 651 | 4 |
_aUnited Kingdom _y |
|
| 690 | _aPROPERTY-RESIDENTIAL PROPERTY-ACQUISITION AND DISPOSAL OF RESIDENTIAL PROPERTY-HOME BUYING REFORM | ||
| 942 | _n0 | ||
| 999 |
_c79625 _d79625 |
||